Sínodos de Mérida y Maracaibo de 1817, 1819 y 1822 / (Record no. 12799)

MARC details
000 -LEADER
campo de control de longitud fija 01523nam a2200349 i 4500
001 - NÚMERO DE CONTROL
campo de control 12799
003 - IDENTIFICADOR DE NÚMERO DE CONTROL
campo de control ES-MaACL
005 - FECHA Y HORA DE LA ÚLTIMA TRANSACCIÓN
campo de control 20230906150414.0
007 - CAMPO FIJO DE DESCRIPCIÓN FÍSICA--INFORMACIÓN GENERAL
campo de control de longitud fija t|
008 - DATOS DE LONGITUD FIJA--INFORMACIÓN GENERAL
campo de control de longitud fija 900405s1988 sp ||||0| spa j ..|
015 ## - NÚMERO DE BIBLIOGRAFÍA NACIONAL
Número de bibliografía nacional 1990-MAR-4679
016 7# - NÚMERO DE CONTROL DE UNA AGENCIA BIBLIOGRÁFICA NACIONAL
Número de control cancelado/no válido SAB9000077774
020 ## - NÚMERO INTERNACIONAL ESTÁNDAR DEL LIBRO
Número Internacional Estándar del Libro 84-00-06888-2
040 ## - FUENTE DE CATALOGACIÓN
Centro catalogador/agencia de origen M-BN-DP
Lengua de catalogación spa
Centro/agencia transcriptor M-BN-DP
080 ## - NÚMERO DE LA CLASIFICACIÓN DECIMAL UNIVERSAL
Número de la Clasificación Decimal Universal 262.45(872.62/.66)"18"
080 ## - NÚMERO DE LA CLASIFICACIÓN DECIMAL UNIVERSAL
Número de la Clasificación Decimal Universal 27(87)"18"(093)
245 00 - MENCIÓN DEL TÍTULO
Título Sínodos de Mérida y Maracaibo de 1817, 1819 y 1822 /
Mención de responsabilidad, etc. Hilarión José Rafael Lasso de la Vega ; introducción y edición crítica por Fernando Campo del Pozo.
260 ## - PUBLICACIÓN, DISTRIBUCIÓN, ETC.
Lugar de publicación, distribución, etc. Madrid :
Nombre del editor, distribuidor, etc. Centro de Estudios Históricos del Consejo Superior de Investigaciones Científicas,
Fecha de publicación, distribución, etc. 1988.
300 ## - DESCRIPCIÓN FÍSICA
Extensión 291 p. ;
Dimensiones 25 cm.
490 1# - MENCIÓN DE SERIE
Mención de serie Colección Tierra nueva e cielo nuevo ;
Designación de volumen o secuencia 26.
Mención de serie Sínodos americanos ;
Designación de volumen o secuencia 7
650 #4 - PUNTO DE ACCESO ADICIONAL DE MATERIA--TÉRMINO DE MATERIA
Término de materia o nombre geográfico como elemento de entrada Concilios y sínodos-
Subdivisión geográfica Venezuela.
9 (RLIN) 11245
651 #4 - PUNTO DE ACCESO ADICIONAL DE MATERIA--NOMBRE GEOGRÁFICO
Nombre geográfico Venezuela-
Subdivisión general Historia eclesiástica-
Subdivisión cronológica S.XIX-
Subdivisión de forma Fuentes.
9 (RLIN) 9523
700 1# - ENTRADA AGREGADA--NOMBRE PERSONAL
Nombre de persona Lasso de la Vega, Hilarión José Rafael.
9 (RLIN) 70473
700 1# - ENTRADA AGREGADA--NOMBRE PERSONAL
Nombre de persona Campo del Pozo, Fernando.
9 (RLIN) 34210
710 2# - ENTRADA AGREGADA--NOMBRE DE ENTIDAD CORPORATIVA
Nombre de entidad corporativa o nombre de jurisdicción como elemento de entrada Centro de Estudios Históricos (1985-1999)
9 (RLIN) 2639
710 1# - ENTRADA AGREGADA--NOMBRE DE ENTIDAD CORPORATIVA
Nombre de entidad corporativa o nombre de jurisdicción como elemento de entrada Mérida de Maracaibo (Diócesis).
Unidad subordinada Sínodo (1817)
9 (RLIN) 5686
710 1# - ENTRADA AGREGADA--NOMBRE DE ENTIDAD CORPORATIVA
Nombre de entidad corporativa o nombre de jurisdicción como elemento de entrada Mérida de Maracaibo (Diócesis).
Unidad subordinada Sínodo (1819)
9 (RLIN) 5687
710 1# - ENTRADA AGREGADA--NOMBRE DE ENTIDAD CORPORATIVA
Nombre de entidad corporativa o nombre de jurisdicción como elemento de entrada Mérida de Maracaibo (Diócesis).
Unidad subordinada Sínodo (1822)
9 (RLIN) 5688
830 0# - PUNTO DE ACCESO ADICIONAL DE SERIE-TÍTULO UNIFORME
Título uniforme Colección Tierra nueva e cielo nuevo ;
Designación de volumen o secuencia 26.
Título uniforme Sínodos americanos ;
Designación de volumen o secuencia 7
9 (RLIN) 179373
852 ## - LOCALIZACIÓN
Ubicación ES-MaACL
Número de control de estantería L-19983
Sublocalización o colección R.117112
Holdings
Estatus retirado Estado de pérdida Estado de daño No para préstamo Biblioteca de origen Biblioteca actual Ubicación en estantería Fecha de adquisición Fuente de adquisición Total de préstamos Signatura topográfica completa Código de barras Visto por última vez Precio de reemplazo Tipo de ítem Koha
        Biblioteca del Ateneo de Madrid Biblioteca del Ateneo de Madrid Depósito 2 17/01/2008     L-19983 1013038 23/02/2023 23/02/2023 Libro impreso